000 00463nam a2200181Ia 4500
001 3182
005 20260306144902.0
008 260306t2008||||xx |||||||||||||| ||spa||
041 _aESP
082 _a261.8
_bO47
100 _aOller i Sala, M. Dolors
_eAUT
245 0 _aConstruir la convivencia:
_bel nuevo orden mundial y las religiones
260 _c2008
300 _a32 páginas :
_c20 cm.
650 _aGEN
654 _aCHU
942 _cLIB
_dJUS
_fJUS
_2ddc
_n
999 _c3182
_d3182